[Event "Mittelrhein Verbandsliga-S 18/19"]
[Site "Nordrheinwestfalen"]
[Date "2019.03.10"]
[Round "8.1"]
[White "Richter, Dirk"]
[Black "Upleger, Martin"]
[Result "1/2-1/2"]
[WhiteElo "2043"]
[BlackElo "2273"]
[PlyCount "94"]
[EventDate "2018.09.02"]
[EventType "team-tourn"]
[EventRounds "11"]
[EventCountry "GER"]
[SourceTitle "EXT 2022"]
[Source "ChessBase"]
[SourceDate "2021.10.06"]
[SourceVersion "1"]
[SourceVersionDate "2021.10.06"]
[SourceQuality "1"]
[WhiteTeam "Siebengebirge"]
[BlackTeam "Rheinbacher SF"]
[WhiteTeamCountry "GER"]
[BlackTeamCountry "GER"]

1. c4 c5 2. Nc3 g6 3. g3 Bg7 4. Bg2 Nc6 5. Nf3 Nf6 6. d4 cxd4 7. Nxd4 0-0 8. 0-0 Qa5 9. Nc2 Qh5 10. e4 Qxd1 11. Rxd1 Ng4 12. Bd2 f5 13. h3 Nge5 14. exf5 gxf5 15. Ne1 d6 16. f4 Ng6 17. h4 Be6 18. b3 Rfd8 19. Rac1 Nf8 20. Nd5 Bf7 21. Bc3 Rac8 22. Nf3 h6 23. Nd4 Bxd4+ 24. Bxd4 Bxd5 25. Bxd5+ e6 26. Bxc6 Rxc6 27. a4 a6 28. Be5 Rd7 29. Bb2 Kf7 30. Rd3 h5 31. Rcd1 Nh7 32. Kf2 Nf6 33. Bxf6 Kxf6 34. Kf3 Ke7 35. R1d2 Rd8 36. Rd1 Rb8 37. Re1 Rd8 38. Red1 Rc5 39. Rd4 a5 40. R1d2 Rc6 41. R4d3 Kf7 42. Rd4 Rb6 43. R2d3 Rc6 44. Rd2 Ke7 45. Re2 Kf6 46. Red2 Rb6 47. R2d3 Rc6 1/2-1/2

[Event "Mittelrhein Verbandsliga-O 16/17"]
[Site "Nordrheinwestfalen"]
[Date "2017.04.09"]
[Round "10.1"]
[White "Schracke, Guido"]
[Black "Upleger, Martin"]
[Result "1/2-1/2"]
[WhiteElo "2062"]
[BlackElo "2284"]
[PlyCount "71"]
[EventDate "2016.09.11"]
[EventType "team-tourn"]
[EventRounds "11"]
[EventCountry "GER"]
[SourceTitle "EXT 2022"]
[Source "ChessBase"]
[SourceDate "2021.10.06"]
[SourceVersion "1"]
[SourceVersionDate "2021.10.06"]
[SourceQuality "1"]
[WhiteTeam "Niederkassel II"]
[BlackTeam "Rheinbacher SF"]
[WhiteTeamCountry "GER"]
[BlackTeamCountry "GER"]

1. e4 c5 2. Nf3 d6 3. d4 cxd4 4. Nxd4 Nf6 5. Nc3 a6 6. Be2 e5 7. Nb3 Be7 8. 0-0 0-0 9. Bf3 Qc7 10. Bg5 Nbd7 11. h3 h6 12. Be3 Nb6 13. Qd3 Nc4 14. Bc1 b5 15. Re1 b4 16. Nd1 a5 17. c3 Ba6 18. Qc2 Rfc8 19. cxb4 axb4 20. Bd2 Qb7 21. Qb1 Bd8 22. Ne3 Bb6 23. Nxc4 Bxc4 24. Qd1 d5 25. exd5 e4 26. Bg4 Rd8 27. Bxb4 Rxd5 28. Qc2 Bxf2+ 29. Qxf2 Qxb4 30. Bd1 Rad8 31. Bc2 Bxb3 32. Bxb3 Rd2 33. Re2 Rxe2 34. Qxe2 Rd2 35. Qe3 Rxb2 36. Rd1 1/2-1/2

[Event "BL2-West 1213"]
[Site "Germany"]
[Date "2013.04.14"]
[Round "9.8"]
[White "Upleger, Martin"]
[Black "Kiese, Matthias"]
[Result "1/2-1/2"]
[WhiteElo "2288"]
[BlackElo "2225"]
[PlyCount "32"]
[EventDate "2012.10.14"]
[EventType "team-tourn"]
[EventRounds "9"]
[EventCountry "GER"]
[SourceTitle "CBM 154 Extra"]
[Source "ChessBase"]
[SourceDate "2013.06.25"]
[SourceVersion "2"]
[SourceVersionDate "2013.06.25"]
[SourceQuality "1"]
[WhiteTeam "Godesberg"]
[BlackTeam "Bochum SV"]
[WhiteTeamCountry "GER"]
[BlackTeamCountry "GER"]

1. d4 d5 2. Nf3 Nf6 3. Bg5 Ne4 4. Bh4 c6 5. e3 Qb6 6. Qc1 Bf5 7. Bd3 Nd7 8. 0-0 e6 9. Nc3 Nxc3 10. bxc3 Bd6 11. c4 dxc4 12. Bxc4 Qc7 13. Bd3 Bxd3 14. cxd3 0-0 15. Rb1 Rab8 16. Qc2 e5 1/2-1/2

[Event "BL2-West 1213"]
[Site "Germany"]
[Date "2012.11.11"]
[Round "2.8"]
[White "Upleger, Martin"]
[Black "Hoellmann, Ludger"]
[Result "1/2-1/2"]
[WhiteElo "2288"]
[BlackElo "2157"]
[PlyCount "25"]
[EventDate "2012.10.14"]
[EventType "team-tourn"]
[EventRounds "9"]
[EventCountry "GER"]
[SourceTitle "CBM 154 Extra"]
[Source "ChessBase"]
[SourceDate "2013.06.25"]
[SourceVersion "2"]
[SourceVersionDate "2013.06.25"]
[SourceQuality "1"]
[WhiteTeam "Godesberg"]
[BlackTeam "Nordhorn Blanke"]
[WhiteTeamCountry "GER"]
[BlackTeamCountry "GER"]

1. d4 Nf6 2. Nf3 d5 3. c4 c6 4. Nc3 dxc4 5. a4 Bf5 6. e3 e6 7. Bxc4 Nbd7 8. Qe2 Bb4 9. 0-0 Ne4 10. Nxe4 Bxe4 11. Rd1 0-0 12. Bd2 Qa5 13. Qe1 1/2-1/2

[Event "BL2-West 1112"]
[Site "Germany"]
[Date "2012.02.26"]
[Round "7.8"]
[White "Upleger, Martin"]
[Black "Liebig, Stefan"]
[Result "1/2-1/2"]
[WhiteElo "2283"]
[BlackElo "2195"]
[PlyCount "104"]
[EventDate "2011.10.02"]
[EventType "team-tourn"]
[EventRounds "9"]
[EventCountry "GER"]
[SourceTitle "EXT 2015"]
[Source "ChessBase"]
[SourceDate "2014.11.20"]
[SourceVersion "1"]
[SourceVersionDate "2014.11.20"]
[SourceQuality "1"]
[WhiteTeam "Godesberg"]
[BlackTeam "Goettingen Tempo"]
[WhiteTeamCountry "GER"]
[BlackTeamCountry "GER"]

1. e4 c5 2. Nf3 d6 3. Bb5+ Nc6 4. 0-0 a6 5. Bxc6+ bxc6 6. h3 e5 7. c3 Nf6 8. Re1 Be7 9. d4 cxd4 10. cxd4 Qc7 11. dxe5 dxe5 12. b3 0-0 13. Bb2 Nd7 14. Qc2 f6 15. Nc3 Qa7 16. Na4 Nc5 17. Ba3 Nxa4 18. Bxe7 Qxe7 19. Qc4+ Be6 20. Qxa4 Rfc8 21. Rac1 a5 22. Rxc6 Rcb8 23. Rec1 Rb4 24. Qa3 Qd7 25. R6c5 Qd8 26. Re1 Qb6 27. Qc1 Ra6 28. Nd2 Rd4 29. Rc3 a4 30. Nc4 Qb7 31. Qc2 Qa7 32. Qe2 Qb7 33. Kh2 Qb4 34. Rec1 Qb7 35. f3 Ra7 36. Qf2 Qd7 37. h4 h5 38. R1c2 Rd1 39. Rd2 Rxd2 40. Qxd2 Qb5 41. Qe3 Rc7 42. Qd3 Qc5 43. Rc2 Rd7 44. Qe2 axb3 45. axb3 Qb4 46. Qe3 Rd4 47. Qc3 Qe7 48. Qe1 Qb7 49. Rc3 Qb4 50. Qc1 Qe7 51. Qe3 Qb4 52. Qc1 Qe7 1/2-1/2

[Event "NRW Class2 0405"]
[Site "Germany"]
[Date "2005.01.09"]
[Round "5.3"]
[White "Homann, Stefan"]
[Black "Upleger, Martin"]
[Result "1/2-1/2"]
[WhiteElo "2271"]
[BlackElo "2282"]
[PlyCount "34"]
[EventDate "2004.10.10"]
[EventType "team"]
[EventRounds "9"]
[EventCountry "GER"]
[SourceTitle "EXT 2006"]
[Source "ChessBase"]
[SourceDate "2005.11.24"]
[SourceVersion "1"]
[SourceVersionDate "2005.11.24"]
[SourceQuality "1"]
[WhiteTeam "Bielefeld"]
[BlackTeam "Godesberg II"]
[WhiteTeamCountry "GER"]
[BlackTeamCountry "GER"]

1. d4 Nf6 2. c4 g6 3. Nc3 d5 4. cxd5 Nxd5 5. e4 Nxc3 6. bxc3 Bg7 7. Bc4 c5 8. Ne2 Nc6 9. Be3 0-0 10. 0-0 Bd7 11. Rc1 Rc8 12. f4 Na5 13. Bd3 Bg4 14. Qd2 e6 15. h3 Bxe2 16. Bxe2 Nc6 17. Rcd1 Qa5 1/2-1/2

[Event "BL2-West 0304"]
[Site "Germany"]
[Date "2004.??.??"]
[Round "?.7"]
[White "Gallinnis, Norbert"]
[Black "Upleger, Martin"]
[Result "1/2-1/2"]
[WhiteElo "2300"]
[BlackElo "2275"]
[PlyCount "20"]
[EventDate "2003.12.14"]
[EventType "team-tourn"]
[EventRounds "9"]
[EventCountry "GER"]
[SourceTitle "CBM 100 Extra"]
[Source "ChessBase"]
[SourceDate "2004.07.06"]
[SourceVersion "2"]
[SourceVersionDate "2004.07.06"]
[SourceQuality "1"]
[WhiteTeam "Koeln Porz"]
[BlackTeam "Godesberg"]
[WhiteTeamCountry "GER"]
[BlackTeamCountry "GER"]

1. e4 c5 2. Nf3 d6 3. d4 cxd4 4. Nxd4 Nf6 5. Nc3 a6 6. Rg1 e6 7. g4 d5 8. exd5 Nxd5 9. Nxd5 Qxd5 10. Be3 Qa5+ 1/2-1/2

[Event "BL2-West 0304"]
[Site "Germany"]
[Date "2003.??.??"]
[Round "?.5"]
[White "Schmitz, Andreas Arnold"]
[Black "Upleger, Martin"]
[Result "1/2-1/2"]
[WhiteElo "2175"]
[BlackElo "2275"]
[PlyCount "22"]
[EventDate "2003.12.14"]
[EventType "team-tourn"]
[EventRounds "9"]
[EventCountry "GER"]
[SourceTitle "CBM 100 Extra"]
[Source "ChessBase"]
[SourceDate "2004.07.06"]
[SourceVersion "2"]
[SourceVersionDate "2004.07.06"]
[SourceQuality "1"]
[WhiteTeam "Heiligenhaus"]
[BlackTeam "Godesberg"]
[WhiteTeamCountry "GER"]
[BlackTeamCountry "GER"]

1. e4 c5 2. c3 Nf6 3. e5 Nd5 4. d4 cxd4 5. cxd4 d6 6. Nf3 e6 7. Bg5 Qc7 8. Nbd2 Nc6 9. Rc1 dxe5 10. dxe5 h6 11. Bh4 Qa5 1/2-1/2

[Event "Bundesliga 0203"]
[Site "Germany"]
[Date "2002.11.17"]
[Round "4.7"]
[White "Stangl, Markus"]
[Black "Upleger, Martin"]
[Result "1-0"]
[WhiteElo "2494"]
[BlackElo "2268"]
[PlyCount "55"]
[EventDate "2002.10.19"]
[EventType "team-tourn"]
[EventRounds "15"]
[EventCountry "GER"]
[SourceTitle "EXT 2003"]
[Source "ChessBase"]
[SourceDate "2002.11.25"]
[SourceVersion "1"]
[SourceVersionDate "2002.11.25"]
[SourceQuality "1"]
[WhiteTeam "Tegernsee"]
[BlackTeam "Godesberg"]
[WhiteTeamCountry "GER"]
[BlackTeamCountry "GER"]

1. c4 e6 2. g3 d5 3. Bg2 dxc4 4. Qa4+ c6 5. Qxc4 b5 6. Qb3 Bb7 7. Nc3 a6 8. a4 Nd7 9. Nf3 Ngf6 10. 0-0 Be7 11. d3 0-0 12. Be3 b4 13. Ne4 c5 14. Nfd2 Nd5 15. Nc4 Nxe3 16. Nxe3 a5 17. Nd2 Bxg2 18. Kxg2 Nb6 19. Ndc4 Nxc4 20. Nxc4 Bf6 21. f4 Qd5+ 22. Rf3 Qb7 23. e4 Bd4 24. f5 exf5 25. Rxf5 g6 26. Rf3 Kg7 27. Raf1 Qc6 28. Rxf7+ 1-0

[Event "Oberliga NRW 0102 II"]
[Site "Germany"]
[Date "2002.05.05"]
[Round "9.4"]
[White "Upleger, Martin"]
[Black "Roese, Oliver"]
[Result "0-1"]
[WhiteElo "2258"]
[BlackElo "2324"]
[PlyCount "46"]
[EventDate "2001.10.??"]
[EventType "team"]
[EventRounds "9"]
[EventCountry "GER"]
[SourceTitle "EXT 2004"]
[Source "ChessBase"]
[SourceDate "2003.11.25"]
[SourceVersion "1"]
[SourceVersionDate "2003.11.25"]
[SourceQuality "1"]
[WhiteTeam "Godesberg II"]
[BlackTeam "Lohmar"]
[WhiteTeamCountry "GER"]
[BlackTeamCountry "GER"]

1. e4 c5 2. Nf3 Nc6 3. Bb5 e6 4. Bxc6 bxc6 5. d3 d5 6. 0-0 Nf6 7. e5 Nd7 8. c4 Be7 9. Qe2 0-0 10. b3 Kh8 11. Bb2 f5 12. exf6 gxf6 13. Ng5 Ne5 14. f4 Nf7 15. Qh5 Nxg5 16. fxg5 Qc7 17. gxf6 Bd6 18. f7+ e5 19. Qg5 Rxf7 20. Rxf7 Qxf7 21. Qd8+ Bf8 22. Bxe5+ Kg8 23. Bd6 Bb7 0-1

[Event "Oberliga NRW 0102 II"]
[Site "Germany"]
[Date "2001.12.09"]
[Round "4.5"]
[White "Posazhennikov, Alex"]
[Black "Upleger, Martin"]
[Result "0-1"]
[WhiteElo "2255"]
[BlackElo "2258"]
[PlyCount "110"]
[EventDate "2001.10.??"]
[EventType "team"]
[EventRounds "9"]
[EventCountry "GER"]
[SourceTitle "EXT 2004"]
[Source "ChessBase"]
[SourceDate "2003.11.25"]
[SourceVersion "1"]
[SourceVersionDate "2003.11.25"]
[SourceQuality "1"]
[WhiteTeam "Dortmund Hansa"]
[BlackTeam "Godesberg II"]
[WhiteTeamCountry "GER"]
[BlackTeamCountry "GER"]

1. d4 d5 2. c4 e6 3. Nc3 Nf6 4. Bf4 Bd6 5. Bg3 0-0 6. e3 Nc6 7. Nf3 Bxg3 8. hxg3 Qe7 9. Ne5 Rd8 10. Qc2 h6 11. Be2 Nxe5 12. dxe5 Nd7 13. Rh5 dxc4 14. 0-0-0 Nc5 15. Rxd8+ Qxd8 16. Bxc4 Bd7 17. f4 Rb8 18. g4 b5 19. Be2 b4 20. Ne4 Nxe4 21. Qxe4 Bb5 22. Bc4 Rb6 23. Bxb5 Rxb5 24. Rh1 Rc5+ 25. Kb1 Rd5 26. Rc1 c5 27. Qc4 g6 28. g3 Kg7 29. e4 Rd4 30. Qxc5 Rxe4 31. Qc2 Qd5 32. Rd1 Rd4 33. Rc1 Rd3 34. Qf2 a5 35. f5 Qxe5 36. fxg6 Kxg6 37. Re1 Qd4 38. Qc2 Kg7 39. Rc1 Rd2 40. Qb3 Qd3+ 41. Qxd3 Rxd3 42. b3 Rxg3 43. Rc5 Rxg4 44. Rxa5 f5 45. Kc2 Kf6 46. a4 bxa3 47. Rxa3 Rg8 48. Ra7 Rh8 49. b4 h5 50. Kd3 h4 51. Ra1 h3 52. b5 h2 53. Rh1 Ke5 54. Kc4 Kf4 55. b6 Kg3 0-1

[Event "Oberliga Nord N 0001"]
[Site "Germany"]
[Date "2001.??.??"]
[Round "?"]
[White "Mach, Holger"]
[Black "Upleger, Martin"]
[Result "1/2-1/2"]
[WhiteElo "2255"]
[BlackElo "2255"]
[PlyCount "50"]
[EventDate "2000.10.??"]
[EventType "team"]
[EventRounds "9"]
[EventCountry "GER"]
[SourceTitle "EXT 2004"]
[Source "ChessBase"]
[SourceDate "2003.11.25"]
[SourceVersion "1"]
[SourceVersionDate "2003.11.25"]
[SourceQuality "1"]

1. e4 c5 2. Nc3 Nc6 3. Nge2 g6 4. d4 cxd4 5. Nxd4 Bg7 6. Nde2 Nf6 7. g3 0-0 8. Bg2 Rb8 9. a4 a6 10. 0-0 d6 11. h3 b5 12. axb5 axb5 13. Kh2 Bd7 14. Nd5 Nxd5 15. exd5 Na5 16. Ra2 b4 17. Be3 b3 18. cxb3 Nxb3 19. Nd4 Nxd4 20. Bxd4 Bxd4 21. Qxd4 Qb6 22. Qxb6 Rxb6 23. Rc1 Rb7 24. g4 Kg7 25. b4 Rxb4 1/2-1/2

[Event "Oberliga Nord N 9900"]
[Site "Germany"]
[Date "2000.??.??"]
[Round "?"]
[White "Upleger, Martin"]
[Black "Gottuk, Stefan"]
[Result "1/2-1/2"]
[WhiteElo "2250"]
[BlackElo "2275"]
[PlyCount "45"]
[EventDate "1999.10.??"]
[EventType "team"]
[EventRounds "9"]
[EventCountry "GER"]
[SourceTitle "EXT 2001"]
[Source "ChessBase"]
[SourceDate "2000.11.22"]
[SourceVersion "1"]
[SourceVersionDate "2000.11.22"]
[SourceQuality "1"]

1. d4 f5 2. c4 g6 3. Nf3 Nf6 4. g3 Bg7 5. Bg2 0-0 6. 0-0 d6 7. Nc3 Qe8 8. b3 Na6 9. Qc2 c6 10. Bb2 b5 11. e4 Nb4 12. Qe2 fxe4 13. Nxe4 Nxe4 14. Qxe4 Bf5 15. Qe2 Bd3 16. Qd2 Bxf1 17. Rxf1 Na6 18. cxb5 cxb5 19. Ng5 Nc7 20. Bxa8 Qxa8 21. Qe2 Bf6 22. Ne6 Nxe6 23. Qxe6+ 1/2-1/2

[Event "Pyramiden Franken Cup 2nd"]
[Site "Fuerth"]
[Date "1999.08.28"]
[Round "8"]
[White "Hoennekes, Klaus"]
[Black "Upleger, Martin"]
[Result "1/2-1/2"]
[WhiteElo "2126"]
[BlackElo "2250"]
[PlyCount "135"]
[EventDate "1999.08.21"]
[EventType "swiss"]
[EventRounds "9"]
[EventCountry "GER"]
[SourceTitle "EXT 2000"]
[Source "ChessBase"]
[SourceDate "1999.11.16"]
[SourceVersion "1"]
[SourceVersionDate "1999.11.16"]
[SourceQuality "1"]

1. e4 c5 2. Nc3 Nc6 3. g3 g6 4. Bg2 Bg7 5. d3 d6 6. f4 e6 7. Nf3 Nge7 8. 0-0 0-0 9. Be3 Nd4 10. Ne1 b6 11. Qd2 Ba6 12. Rf2 d5 13. Bf1 Ndc6 14. f5 exf5 15. exd5 Nxd5 16. Nxd5 Qxd5 17. c3 Rad8 18. Rd1 Ne5 19. h3 Qxa2 20. Bh6 Bb7 21. Bxg7 Kxg7 22. Qf4 Qe6 23. Rdd2 Qd6 24. d4 cxd4 25. Rxd4 Qf6 26. g4 g5 27. Qxf5 Qxf5 28. Rxf5 f6 29. Ra4 a5 30. Ra1 Kg6 31. Rf2 h5 32. gxh5+ Kxh5 33. Be2+ Kg6 34. Ra4 Rh8 35. Rh2 f5 36. Rd4 Rxd4 37. cxd4 Nf7 38. Bd3 Nd6 39. Nc2 Rh4 40. Re2 Kf6 41. Rh2 Bd5 42. Bf1 a4 43. Rd2 Bb3 44. Ne3 Re4 45. Rd3 b5 46. Bg2 Re8 47. Kf2 b4 48. Nd5+ Bxd5 49. Bxd5 Re7 50. Kf3 Rh7 51. Ke2 Ra7 52. Kd1 a3 53. bxa3 Rxa3 54. Kc2 Kg6 55. Bb3 Kh5 56. Kb2 Kh4 57. Rf3 Kh5 58. Rd3 Kg6 59. d5 Ra6 60. Re3 Ne4 61. Bc4 Rb6 62. Bd3 Rd6 63. Bxe4 fxe4 64. Rxe4 Rxd5 65. Rxb4 Rd2+ 66. Kc3 Rh2 67. Kd3 Kh5 68. Ke3 1/2-1/2

[Event "Pyramiden Franken Cup 2nd"]
[Site "Fuerth"]
[Date "1999.08.24"]
[Round "4"]
[White "Schlindwein, Rolf"]
[Black "Upleger, Martin"]
[Result "1/2-1/2"]
[WhiteElo "2447"]
[BlackElo "2250"]
[PlyCount "34"]
[EventDate "1999.08.21"]
[EventType "swiss"]
[EventRounds "9"]
[EventCountry "GER"]
[SourceTitle "EXT 2000"]
[Source "ChessBase"]
[SourceDate "1999.11.16"]
[SourceVersion "1"]
[SourceVersionDate "1999.11.16"]
[SourceQuality "1"]

1. c4 Nf6 2. Nc3 d5 3. d4 e6 4. cxd5 Nxd5 5. e4 Nxc3 6. bxc3 c5 7. Nf3 cxd4 8. cxd4 Bb4+ 9. Bd2 Bxd2+ 10. Qxd2 0-0 11. Rc1 b6 12. h4 Bb7 13. Bd3 Nc6 14. e5 Ne7 15. Ng5 Nf5 16. Bxf5 exf5 17. Qf4 Qd7 1/2-1/2

[Event "Oberliga Nord N 9394"]
[Site "Germany"]
[Date "1993.??.??"]
[Round "?"]
[White "Schurade, Matthias"]
[Black "Upleger, Martin"]
[Result "1/2-1/2"]
[WhiteElo "2360"]
[BlackElo "2245"]
[PlyCount "34"]
[EventDate "1993.10.??"]
[EventType "team"]
[EventRounds "9"]
[EventCountry "GER"]
[SourceTitle "EXT 1999"]
[Source "ChessBase"]
[SourceDate "1998.11.16"]
[SourceVersion "1"]
[SourceVersionDate "1998.11.16"]
[SourceQuality "1"]

1. e4 c5 2. Nf3 d6 3. d4 cxd4 4. Nxd4 Nf6 5. Nc3 a6 6. Be2 e5 7. Nb3 Be7 8. Be3 Be6 9. a4 Nbd7 10. 0-0 0-0 11. f3 Qc7 12. Rf2 Rfd8 13. a5 Rac8 14. Bf1 d5 15. exd5 Nxd5 16. Nxd5 Bxd5 17. Qxd5 Nf6 1/2-1/2